Erasmus and our struggle for peace.

Bibliographic Details
Main Author: Chapiro, Jose, 1893-
Other Authors: Erasmus, Desiderius, -1536
Format: Book
Language:English
Published: Boston : Beacon Press, 1950.
Subjects:

MARC

Tag First Indicator Second Indicator Subfields
LEADER 00000cam a2200000 4500
001 in00000038640
005 20151007081204.0
008 730706s1950 eng u
010 |a  50010709  
035 |a (OCoLC)00652726 
035 |9 AAF6001AM 
040 |c OUN  |d TXA  |d UtOrBLW 
049 |a TXAM  |c [186916] 
050 0 |a JX1962.E68  |b C45 
082 0 |a 172.4 
092 |a 172.4  |b C463e 
100 1 |a Chapiro, Jose,  |d 1893- 
245 1 0 |a Erasmus and our struggle for peace. 
264 1 |a Boston :  |b Beacon Press,  |c 1950. 
300 |a  xv, 196 pages ;  |c 22 cm. 
336 |a text  |b txt  |2 rdacontent 
337 |a unmediated  |b n  |2 rdamedia 
338 |a volume  |b nc  |2 rdacarrier 
505 0 |a Erasmus: herald of a united world, by J. Chapiro.--Peace protests! By Erasmus of Rotterdam, translated, with an introd. and notes by J. Chapiro. 
600 1 0 |a Erasmus, Desiderius,  |d -1536. 
650 0 |a Peace. 
700 1 |a Erasmus, Desiderius,  |d -1536.  |t Peace protests! 
999 |a MARS 
999 f f |s f08cbc75-fe4a-3255-b958-488f60f91616  |i d3aa1987-565c-383d-91ed-9cbce1df79ba  |t 0 
952 f f |p ric  |a Texas A&M University  |b Rellis Campus  |c Joint Library Facility  |d Remote Storage  |t 0  |e JX1962.E68 C45  |h Library of Congress classification  |i unmediated -- volume  |m A14800534226 
998 f f |a JX1962.E68 C45  |t 0  |l Remote Storage